Normal view MARC view

Entry Topical Term

Number of records used in: 1

001 - CONTROL NUMBER

  • control field: 17195

003 - CONTROL NUMBER IDENTIFIER

  • control field: VITAP

005 - DATE AND TIME OF LATEST TRANSACTION

  • control field: 20260303154524.0

008 - FIXED-LENGTH DATA ELEMENTS

  • fixed length control field: 260303|| aca||babn | a|a d

040 ## - CATALOGING SOURCE

  • Original cataloging agency: VITAP

150 ## - HEADING--TOPICAL TERM

  • Topical term or geographic name entry element: Self-Discovery & Inner Reflection, Leadership Mindset, Decision-Making & Problem Solving, Personal Growth & Transformation, Team & Organizational Leadership etc.

Visitor Number: